Conemporary political theory / (Record no. 124248)

MARC details
000 -LEADER
fixed length control field 00741nam a22002657a 4500
003 - CONTROL NUMBER IDENTIFIER
control field dpl
005 - DATE AND TIME OF LATEST TRANSACTION
control field 20170124105936.0
008 - FIXED-LENGTH DATA ELEMENTS--GENERAL INFORMATION
fixed length control field 161215b xxu||||| |||| 00| 0 eng d
010 ## - LIBRARY OF CONGRESS CONTROL NUMBER
LC control number A-368126
020 ## - INTERNATIONAL STANDARD BOOK NUMBER
Terms of availability 00.00
035 ## - SYSTEM CONTROL NUMBER
System control number A-368126
037 ## - SOURCE OF ACQUISITION
Source of stock number/acquisition Cen Lib/Ret
040 ## - CATALOGING SOURCE
Original cataloging agency DPL
Language of cataloging EN
Transcribing agency TIT
082 ## - DEWEY DECIMAL CLASSIFICATION NUMBER
Classification number 320.1
Item number JOH
100 ## - MAIN ENTRY--PERSONAL NAME
Personal name Johari, J.C.
9 (RLIN) 9963
245 ## - TITLE STATEMENT
Title Conemporary political theory /
Statement of responsibility, etc By J.C. Johari
246 ## - VARYING FORM OF TITLE
Remainder of title
250 ## - EDITION STATEMENT
Edition statement 2nd ed
260 ## - PUBLICATION, DISTRIBUTION, ETC. (IMPRINT)
Name of publisher, distributor, etc Sterling Publishers
Place of publication, distribution, etc 1987
Date of publication, distribution, etc New Delhi
270 ## - ADDRESS
Address L-10, green park extention
City New Delhi
Postal code 110016
300 ## - PHYSICAL DESCRIPTION
Extent xiv, 736p.
Dimensions 20cm(Hb)
650 ## - SUBJECT ADDED ENTRY--TOPICAL TERM
Topical term or geographic name as entry element Political science
9 (RLIN) 9964
650 ## - SUBJECT ADDED ENTRY--TOPICAL TERM
Topical term or geographic name as entry element Fundamentals
9 (RLIN) 9965
942 ## - ADDED ENTRY ELEMENTS (KOHA)
Source of classification or shelving scheme Dewey Decimal Classification
Koha item type English Books
Classification part 320.1
Call number suffix JOH
Holdings
Withdrawn status Lost status Source of classification or shelving scheme Damaged status Not for loan Home library Current library Date acquired Source of acquisition Cost, normal purchase price Total Checkouts Full call number Barcode Date last seen Copy number Cost, replacement price Price effective from Koha item type
    Dewey Decimal Classification     Central Library Central Library 15/06/2015 Cen Lib/Ret 0.00   320.1 JOH A-368126 15/06/2015 1 0.00 15/06/2015 English Books

© Delhi Public Library
Hit Counter
free hit counter